Vista normal Vista MARC

Entrada Topical Term

Número de registros utilizados en: 1

001 - CONTROL NUMBER

  • control field: 42730

003 - CONTROL NUMBER IDENTIFIER

  • control field: OSt

005 - DATE AND TIME OF LATEST TRANSACTION

  • control field: 20230413153145.0

008 - FIXED-LENGTH DATA ELEMENTS

  • fixed length control field: 230413|| aca||aabn | a|a d

040 ## - CATALOGING SOURCE

  • Original cataloging agency: OSt
  • Transcribing agency: OSt

150 ## - HEADING--TOPICAL TERM

  • Topical term or geographic name entry element: Mar
  • Form subdivision: Novela

670 ## - SOURCE DATA FOUND

  • Source citation: Work cat.: (OSt)3357: Kendall, Sarita, autora 7531, La campana del arrecife /, 1989